000 00589nam a2200205Ia 4500
005 20250508161953.0
008 008 250505s9999 xx 000 0 eng d
020 _a0-521-22632-5
037 _aTextual
040 _aFEDL
_beng
_cFEDL
041 _aeng
_2eng
084 _a501, CHU
_qFEDL
100 _aChurchland Paul M
245 0 _aScientific realism and the plasticity of mind
260 _aCambridge
_bCambridge University Press
_c1979
300 _ax,157p
490 _aCambridge studies in philosophy
942 _cTEXL
_h501, CHU
999 _c1373581
_d1373581